Normal view MARC view

Entry Personal Name

Number of records used in: 1

001 - CONTROL NUMBER

  • control field: 54894

003 - CONTROL NUMBER IDENTIFIER

  • control field: dpl

005 - DATE AND TIME OF LATEST TRANSACTION

  • control field: 20130118111536.0

008 - FIXED-LENGTH DATA ELEMENTS

  • fixed length control field: 130118|||a|||||| | ||| d

040 ## - CATALOGING SOURCE

  • Original cataloging agency: dpl
  • Transcribing agency: dpl

100 ## - HEADING--PERSONAL NAME

  • Personal name: Venkateswar, Vijay

670 ## - SOURCE DATA FOUND

  • Source citation: Work cat.: (dpl)60428: Venkateswar, Vijay, God is God only, not more not less /, 2009

670 ## - SOURCE DATA FOUND

  • Source citation: Work cat.: (dpl)60428: Venkateswar, Vijay, God is God only, not more not less /, 2009

© Delhi Public Library
Hit Counter
free hit counter